Normal view
MARC view
Entry Topical Term
001 - CONTROL NUMBER
- control field: 18201
003 - CONTROL NUMBER IDENTIFIER
- control field: ARRUPE
005 - DATE AND TIME OF LATEST TRANSACTION
- control field: 20150716132213.0
008 - FIXED-LENGTH DATA ELEMENTS
- fixed length control field: 150716|| aca||aabn | a|a d
040 ## - CATALOGING SOURCE
- Original cataloging agency: ARRUPE
- Transcribing agency: ARRUPE
150 ## - HEADING--TOPICAL TERM
- Topical term or geographic name as entry element: Dialectical materialism
670 ## - SOURCE DATA FOUND
- Source citation: Work cat.: (ARRUPE)0: Graham, Loren R. 18198, Science and philosophy in the Soviet Union, 1972.